| 000 | 00744nam a2200193 i 4500 | ||
|---|---|---|---|
| 001 | 25001 | ||
| 003 | ES-MaACL | ||
| 005 | 20251004063048.0 | ||
| 007 | t| | ||
| 008 | 021219s1956 sp ||||1| spa d | ||
| 100 | 1 |
_aApraiz, Ricardo de, _d1899-1968 _922124 |
|
| 245 | 1 | 0 |
_aDe Joselito a Manolete _b: Talavera-Linares : (Charlas dadas en "Radio Vitoria") / _cLicenciado Rompelanzas (seud) ; prólogo de José María de Cossío. |
| 260 |
_a[S.l. : _bs.n., _cs.a] ( _e[Vitoria : _fTalls. Edit. Social Católica, _g1956]) |
||
| 300 |
_aXXII, 120 p., 8 lám. ; _c22 cm. |
||
| 650 | 4 |
_aCorridas de toros. _911370 |
|
| 700 | 1 |
_aCossío, José María de, _d1893-1977 _941017 |
|
| 852 |
_aES-MaACL _jC-11554 _bR.39365 |
||
| 999 |
_c25001 _d25001 |
||